[Event "Wroclaw Anderssen Memorial op-B"]
[Site "Wroclaw"]
[Date "2023.??.??"]
[Round "3"]
[White "Witczak, Kamil"]
[Black "Silano, Pierluigi"]
[Result "1-0"]
[WhiteElo "1223"]
[BlackElo "1517"]
[PlyCount "69"]
[EventDate "2023.08.06"]
[EventType "swiss"]
[EventRounds "9"]
[EventCountry "POL"]
[SourceTitle "EXT 2024"]
[Source "ChessBase"]
[SourceDate "2023.10.10"]
[SourceVersion "1"]
[SourceVersionDate "2023.10.10"]
[SourceQuality "1"]

1. d4 d5 2. c4 c6 3. cxd5 cxd5 4. Bf4 Qb6 5. Qd2 Nf6 6. Nc3 Nc6 7. e3 Bf5 8. Nf3 e6 9. a3 Be7 10. Be2 0-0 11. 0-0 a6 12. b4 Ne4 13. Nxe4 Bxe4 14. Ne1 Rfc8 15. Nd3 a5 16. b5 Qxb5 17. Rfb1 Qa4 18. Rxb7 Rab8 19. Bxb8 Rxb8 20. Rxb8+ Nxb8 21. Qc3 Qb5 22. Rc1 g6 23. Nf4 Qb6 24. f3 g5 25. Nd3 Bg6 26. Ne5 Kg7 27. Nxg6 Kxg6 28. g4 Bd6 29. Bd3+ Kg7 30. Rb1 Qa7 31. Qc8 Qa8 32. Qd8 Qc6 33. Qxg5+ Kf8 34. Bxh7 Qc2 35. Bxc2 1-0

[Event "Wroclaw Anderssen Memorial"]
[Site "Wroclaw"]
[Date "2022.07.30"]
[Round "9"]
[White "Mencfel, Artur"]
[Black "Witczak, Kamil"]
[Result "1-0"]
[WhiteElo "1668"]
[BlackElo "1269"]
[PlyCount "39"]
[EventDate "2022.07.30"]
[EventType "swiss (rapid)"]
[EventRounds "9"]
[EventCountry "POL"]
[SourceTitle "CBM 209 Extra"]
[Source "ChessBase"]
[SourceDate "2022.09.30"]
[SourceVersion "1"]
[SourceVersionDate "2022.09.30"]
[SourceQuality "1"]

1. d4 Nf6 2. Nf3 g6 3. Nc3 Bg7 4. e4 d6 5. h3 0-0 6. Be3 e5 7. d5 Nbd7 8. Qd2 Nc5 9. Bd3 Nxd3+ 10. cxd3 c6 11. Bh6 c5 12. Bxg7 Kxg7 13. h4 h5 14. Ng5 a6 15. a4 Ne8 16. f4 f5 17. fxe5 fxe4 18. e6 exd3 19. Nf7 Qf6 20. Qh6+ 1-0

[Event "Wroclaw Anderssen Memorial"]
[Site "Wroclaw"]
[Date "2022.07.30"]
[Round "3"]
[White "Witczak, Kamil"]
[Black "Barwinska, Ewa"]
[Result "0-1"]
[WhiteElo "1269"]
[BlackElo "1940"]
[PlyCount "90"]
[EventDate "2022.07.30"]
[EventType "swiss (rapid)"]
[EventRounds "9"]
[EventCountry "POL"]
[SourceTitle "CBM 209 Extra"]
[Source "ChessBase"]
[SourceDate "2022.09.30"]
[SourceVersion "1"]
[SourceVersionDate "2022.09.30"]
[SourceQuality "1"]

1. d4 Nf6 2. c4 e6 3. Nc3 c5 4. Nf3 cxd4 5. Nxd4 Nc6 6. Bg5 Be7 7. e4 h6 8. Bh4 Bb4 9. Nxc6 bxc6 10. Bd3 Bxc3+ 11. bxc3 Qa5 12. Qc2 Nh5 13. Qd2 e5 14. 0-0 Nf4 15. Bc2 0-0 16. Bg3 Ne6 17. f3 f6 18. Bf2 Rd8 19. Bb3 Ba6 20. Rfd1 Kh8 21. Qc2 d6 22. Rd2 Nc5 23. Rad1 Nxb3 24. axb3 Qc7 25. Qa2 Bb7 26. b4 a5 27. Qb3 a4 28. Qc2 a3 29. Ra1 d5 30. cxd5 cxd5 31. Bc5 dxe4 32. fxe4 Rxd2 33. Qxd2 Bxe4 34. Qe3 Qb7 35. Qf2 Qd5 36. g3 a2 37. b5 Bb1 38. b6 Qd1+ 39. Qf1 Qd5 40. Qf2 Rc8 41. Bb4 Rb8 42. Qb2 Rxb6 43. Qa3 Qd1+ 44. Kg2 Be4+ 45. Kh3 Qh5# 0-1